01799nam a22002537a 4500003001000000005001700010007000300027008004100030020001500071040003000086041000800116100003400124245007600158250001100234260003700245300002300282490002600305505013400331505011000465505016100575520074500736650003801481650002601519AR-RoUNCS20260701142752.0ta260701s2006 ag |||||r|||| 00| 0 spa d a9504000193 aAR-RoUNCSbspacAR-RoUNCS aspa1 aHalperin Donghi, Tulioeautor10aHistoria contemporánea de América Latina / cTulio Halperin Donghi. a6a ed. aBuenos Aires : bAlianza,c2006. a774 p. ; c20 cm. 0 aAlianza Estudio ; v3 tPrimera parte: Del orden colonial al neocolonial. gEl legado colonial ; La crisis de Independencia ; La larga espera: 1825-1850. tSegunda parte: El orden neocolonial. gSurgimiento del orden neocolonial ; Madurez del orden neocolonial. tTercera parte: Agotamiento del orden neocolonial. gLa búsqueda del nuevo equilibrio ; Una encrucijada decisiva y su herencia: Latinoamérica desde 1960. aEste texto medular —verdadero clásico de la historiografía americana— elabora una historia conjunta de Latinoamérica que brinda una perspectiva más dinámica e intrincada de las historias nacionales. Tulio Halperin Donghi, historiador argentino de sólido prestigio internacional, señala en este libro las características comunes de un proceso que, arrancando desde el período colonial, y tras las guerras de independencia y la formación de repúblicas soberanas, prosigue con una situación de neocolonialismo, cuyas consecuencias llegan hasta el presente. Si bien, como lo señala con claridad, el proceso no es homogéneo y ha sido alterado en varias ocasiones, particularmente en la segunda mitad del siglo XX. 72embneaAmérica LatinavHistoria 72embneaColonización